000 00556nam a2200241Ia 4500
005 20260320200932.0
008 008 262003s9999 xx 000 0 eng d
037 _aEBOOK
040 _aCRL
040 _beng
040 _cCRL
041 _2eng
041 _aeng
084 _qCRL
100 _aSharawi
_91133624
245 0 _aPrinted MIMO Antenna Engineering
260 _bIEEE
260 _c2014
856 _uhttps://ieeexplore.ieee.org/servlet/opac?bknumber=9100846
942 _cEBOOK
999 _c1717782
_d1717782